Anxiety as a Limiting Factor in the Manager's Performance

Úzkosť alebo dokonca až úzkostné poruchy ako možná reakcia manažérov na súčasné ekonomické a sociálne problémy organizácií a multinárodných korporácií. Definícia pojmov úzkosť, úzkostná porucha. Spôsoby liečby ÚP, ako napríklad psychoanalýza, skupinová psychoterapia, kognitívna behaviorálna terapia....

Descrizione completa

Salvato in:
Dettagli Bibliografici
Autore principale: Szarková, Miroslava, 1951-
Altri autori: Matkovčíková, Natália, 1982-
Natura: Capitolo di libro
Lingua:inglese
Soggetti:
Tags: Aggiungi Tag
Nessun Tag, puoi essere il primo ad aggiungerne!!

MARC

LEADER 00000naa$a2200000$$$4500
001 0227871
005 20240502083614.3
041 0 |a eng 
044 |a PL 
245 1 0 |a Anxiety as a Limiting Factor in the Manager's Performance  |c Miroslava Szarková, Natália Matkovčíková 
520 |a Úzkosť alebo dokonca až úzkostné poruchy ako možná reakcia manažérov na súčasné ekonomické a sociálne problémy organizácií a multinárodných korporácií. Definícia pojmov úzkosť, úzkostná porucha. Spôsoby liečby ÚP, ako napríklad psychoanalýza, skupinová psychoterapia, kognitívna behaviorálna terapia. Lieky na potlačenie symptómov ÚP. Vyhľadanie odbornej pomoci ako pozitívny stúpajúci trend. Detailný prehľad úzkostných porúch (ÚP) vvšeobecne a v spojitosti s manažérskymi pozíciami, ako napríklad fobická ÚP, špecifická (izolovaná) fóbia, agorafóbia, sociálna fóbia, panická porucha (epizodická záchvatová úzkosť), generalizovaná ÚP, obsedantno-kompulzívna porucha, reakcia na ťažký stres a adaptačné poruchy, akútna stresová reakcia, posttraumatická stresová porucha, adaptačné poruchy, disociatívne poruchy. 
610 2 0 |a manažéri 
610 2 0 |a výkonnosť 
610 2 0 |a stresy 
610 2 0 |a zdravie 
610 2 0 |a choroby duševné 
610 2 0 |a osobnosť 
610 2 0 |a diagnostikácia 
610 2 0 |a psychológia práce 
100 1 |a Szarková, Miroslava, 1951- 
700 1 |a Matkovčíková, Natália, 1982-